Architectural metal surfaces

Architectural Metal Surfaces demonstrates techniques for achieving a variety of surface effects through the application of texture, color treatments, and lighting effects: Presents more than 150 illustrations. Helps develop realistic expectations and accurate specifications and details. Describes th...

Descrición completa

Gardado en:
Detalles Bibliográficos
Autor Principal: Zahner, L William
Formato: Libro
Idioma:Undetermined
Publicado: Hoboken, NJ. John Wiley & Sons 2005
Những chủ đề:
Các nhãn: Engadir etiqueta
Sen Etiquetas, Sexa o primeiro en etiquetar este rexistro!
Thư viện lưu trữ: Trung tâm Học liệu Trường Đại học Cần Thơ
LEADER 00924nam a2200217Ia 4500
001 CTU_124250
008 210402s9999 xx 000 0 und d
020 |c 1760000 
082 |a 721.0447 
082 |b Z19 
100 |a Zahner, L William 
245 0 |a Architectural metal surfaces 
245 0 |c L. William Zahner 
260 |a Hoboken, NJ. 
260 |b John Wiley & Sons 
260 |c 2005 
520 |a Architectural Metal Surfaces demonstrates techniques for achieving a variety of surface effects through the application of texture, color treatments, and lighting effects: Presents more than 150 illustrations. Helps develop realistic expectations and accurate specifications and details. Describes the durability and maintenance requirements of various finishes. 
650 |a Metals,Architectural metal-work 
650 |x Surfaces 
904 |i Minh 
980 |a Trung tâm Học liệu Trường Đại học Cần Thơ